[Event "Pasao op 13th"]
[Site "Pasao"]
[Date "1997.??.??"]
[Round "3"]
[White "Gonzalez Ramirez, Antonio D"]
[Black "Rosas Bastida, JC."]
[Result "0-1"]
[WhiteElo "1805"]
[BlackElo "1625"]
[PlyCount "43"]
[EventDate "1997.??.??"]
[EventType "swiss"]
[EventRounds "6"]
[EventCountry "ESP"]
[SourceTitle "EXT 2003"]
[Source "ChessBase"]
[SourceDate "2002.11.25"]
[SourceVersion "1"]
[SourceVersionDate "2002.11.25"]
[SourceQuality "1"]

1. d4 Nf6 2. c4 g6 3. Nc3 Bg7 4. e4 d6 5. Be2 0-0 6. Nf3 e5 7. d5 Bd7 8. Bg5 Qe8 9. a3 a5 10. Nd2 c6 11. Qb3 Na6 12. Na4 cxd5 13. Nc3 d4 14. Nd5 Nxd5 15. cxd5 Nc5 16. Qb6 Qb8 17. Be7 Na4 18. Qxd6 Qxd6 19. Bxd6 Rfc8 20. Nc4 f6 21. g3 g5 22. Nd2 0-1